Առավոտ : (Record no. 128694)
[ view plain ]
| 000 -LEADER | |
|---|---|
| fixed length control field | 00797nam a2200229 a 4500 |
| 001 - CONTROL NUMBER | |
| control field | 000339670 |
| 003 - CONTROL NUMBER IDENTIFIER | |
| control field | AM-YeHGA |
| 005 - DATE AND TIME OF LATEST TRANSACTION | |
| control field | 20250618072123.0 |
| 008 - FIXED-LENGTH DATA ELEMENTS--GENERAL INFORMATION | |
| fixed length control field | 040602s1974 ai a|||gr|||||||||1|arm|d |
| 040 ## - CATALOGING SOURCE | |
| Original cataloging agency | AM-YeHGA |
| 041 0# - LANGUAGE CODE | |
| Language code of text/sound track or separate title | arm |
| 080 ## - UNIVERSAL DECIMAL CLASSIFICATION NUMBER | |
| Universal Decimal Classification number | Ap2 |
| 090 ## - LOCALLY ASSIGNED LC-TYPE CALL NUMBER (OCLC); LOCAL CALL NUMBER (RLIN) | |
| Classification number (OCLC) (R) ; Classification number, CALL (RLIN) (NR) | Հ-84 |
| 090 ## - LOCALLY ASSIGNED LC-TYPE CALL NUMBER (OCLC); LOCAL CALL NUMBER (RLIN) | |
| -- | 130058 |
| 100 1# - MAIN ENTRY--PERSONAL NAME | |
| Personal name | Հովենց, Միսաք Մկրտչի, |
| Dates associated with a name | 1938-2004 |
| 9 (RLIN) | 9427 |
| 245 10 - TITLE STATEMENT | |
| Title | Առավոտ : |
| Remainder of title | [Բանաստեղծություններ] / |
| Statement of responsibility, etc. | Մ.Մ. Հովենց ; խմբ.՝ Հ.Թ. Կարճիկյան. |
| 260 ## - PUBLICATION, DISTRIBUTION, ETC. | |
| Place of publication, distribution, etc. | Երևան : |
| Name of publisher, distributor, etc. | Հայաստան, |
| Date of publication, distribution, etc. | 1974. |
| 300 ## - PHYSICAL DESCRIPTION | |
| Extent | 76 էջ : |
| Other physical details | 1 թ. դիմանկ. ; |
| Dimensions | 14 սմ. |
| 650 14 - SUBJECT ADDED ENTRY--TOPICAL TERM | |
| Topical term or geographic name entry element | Հայ գրականություն |
| General subdivision | Պոեզիա |
| 700 1# - ADDED ENTRY--PERSONAL NAME | |
| Personal name | Կարճիկյան, Համլետ Թորգոմի, |
| Dates associated with a name | 1936-2022 |
| Relator term | խմբ. |
| Relationship | edt |
| 9 (RLIN) | 1475 |
| 942 ## - ADDED ENTRY ELEMENTS (KOHA) | |
| Source of classification or shelving scheme | Universal Decimal Classification |
| Koha item type | Գրքեր / Books |
| Withdrawn status | Lost status | Damaged status | Not for loan | Collection | Home library | Current library | Date acquired | Total checkouts | Full call number | Barcode | Date last seen | Cost, replacement price | Price effective from | Koha item type | Public note |
|---|---|---|---|---|---|---|---|---|---|---|---|---|---|---|---|
| General | Fundamental Scientific Library | Fundamental Scientific Library | 22/12/2016 | AI/13074 | FL0052220 | 22/12/2016 | 36.00 | 22/12/2016 | Գրքեր / Books | 30 Days Loan | |||||
| General | Fundamental Scientific Library | Fundamental Scientific Library | 22/12/2016 | AI/13075 | FL0052219 | 22/12/2016 | 36.00 | 22/12/2016 | Գրքեր / Books | 30 Days Loan | |||||
| General | Fundamental Scientific Library | Fundamental Scientific Library | 22/12/2016 | AI/13076 | FL0052218 | 22/12/2016 | 36.00 | 22/12/2016 | Գրքեր / Books | 30 Days Loan | |||||
| General | Fundamental Scientific Library | Fundamental Scientific Library | 22/12/2016 | AI/13077 | FL0052217 | 22/12/2016 | 36.00 | 22/12/2016 | Գրքեր / Books | 30 Days Loan |
ՀՀ Գիտությունների ազգային ակադեմիայի հիմնարար գիտական գրադարան = Fundamental Scientific Library of NAS RA
All site content, except where otherwise noted, is licensed under a